Normal view
MARC view
Entry Personal Name
001 - CONTROL NUMBER
- control field: 41818
003 - CONTROL NUMBER IDENTIFIER
- control field: dpl
005 - DATE AND TIME OF LATEST TRANSACTION
- control field: 20120213162610.0
008 - FIXED-LENGTH DATA ELEMENTS
- fixed length control field: 120213|||a|||||| | ||| d
040 ## - CATALOGING SOURCE
- Original cataloging agency: dpl
- Transcribing agency: dpl
100 ## - HEADING--PERSONAL NAME
- Personal name: Thomas, Donald
670 ## - SOURCE DATA FOUND
- Source citation: Work cat.: (dpl): Wyke, R.Allen and Thomas, Donald 41817, Perl; A Beginner's Guide /, 2001
670 ## - SOURCE DATA FOUND
- Source citation: Work cat.: (dpl): Wyke, R.Allen and Thomas, Donald 41817, Perl; A Beginner's Guide /, 2001
